000 01464naa a22003737a 4500
001 BR7310761
003 BR-BrBNA
005 20250709164616.0
007 ta
008 250630b bl.|||m| |||| 00| 0 por d
040 _aBR-BrBNA
_bpor
_cBiblioteca Nacional de Agricultura
041 _a(Pt)
072 _aF26; E10; P20
_b/G514
090 _aF26 BR7310761
100 1 _aCunha, J.C.J. da
100 1 _aAzevedo, L.G. de
100 1 _aTuyama, V.
245 1 _aUso potencial da terra da folha SA. 23 Sao Luis e parte da folha SA. 24 Fortaleza [Regiao Nordeste, Brasil]
500 _aFolha SA. 23 Sao Luis e parte da folha SA. 24 Fortaleza; geologia, geomorfologia, solos, vegetacao e uso potencial da terra Rio de Janeiro, GB (Brasil): 1973. p. 320-370 [25 illus.; 7 ref.; Summaries (En, Pt)] (BR7310761-AMS)
773 0 _tFolha SA. 23 Sao Luis e parte da folha SA. 24 Fortaleza; geologia, geomorfologia, solos, vegetacao e uso potencial da terra
_wF26 BR7310761
_gRio de Janeiro, GB (Brasil), 1973. p. 320-370
650 _aSOLO
650 _aRECURSO DO SOLO
650 _aUSO DA TERRA
650 _aAPTIDAO AGRICOLA
650 _aEXPLORACAO AGRICOLA
650 _aPARQUE NACIONAL
650 _aRESERVA BIOLOGICA
650 _aSAO LUIS
650 _aFORTALEZA
650 _aREGIAO NORDESTE
490 _aLevantamento de Recursos Naturais - Projeto RADAM (Brazil)
_vv. 3
942 _cAMS
_2AGRIS
909 _a202506
_bLúcia
_c55
_dLúcia Elande
999 _c332662
_d332662